Los instrumentos musicales en México (Record no. 10440)

MARC details
000 -CABECERA
campo de control de longitud fija 00776nam a2200241 a 4500
001 - NÚMERO DE CONTROL
campo de control BRL_1631
003 - IDENTIFICADOR DEL NÚMERO DE CONTROL
campo de control FranzMayer
005 - FECHA Y HORA DE LA ÚLTIMA TRANSACCIÓN
campo de control 20230918123111.0
008 - DATOS DE LONGITUD FIJA--INFORMACIÓN GENERAL
campo de control de longitud fija 060116s2009----mx-a######---#000-0#spa-#
040 ## - FUENTE DE LA CATALOGACIÓN
Centro/agencia transcriptor mfm
041 ## - CÓDIGO DE LENGUA
Código de lengua del texto/banda sonora o título independiente spa
044 ## - CÓDIGO DEL PAÍS DE LA ENTIDAD EDITORA/PRODUCTORA
Código MARC del país mx
050 #4 - SIGNATURA TOPOGRÁFICA DE LA BIBLIOTECA DEL CONGRESO
Número de clasificación ML482
Número de documento/Ítem .R48 2009
100 1# - ENTRADA PRINCIPAL--NOMBRE DE PERSONA
Nombre de persona Reuter, Jas
9 (RLIN) 25796
245 10 - MENCIÓN DE TÍTULO
Título Los instrumentos musicales en México
Mención de responsabilidad, etc. Jas Reuter ; revisión y actualización Marco Buenrostro.
260 ## - PUBLICACIÓN, DISTRIBUCIÓN, ETC.
Lugar de publicación, distribución, etc. México
Nombre del editor, distribuidor, etc. FONART Fondo Nacional para el Fomento de las Artesanías
Fecha de publicación, distribución, etc. 2009
300 ## - DESCRIPCIÓN FÍSICA
Extensión 59 p.
Otras características físicas il.
Dimensiones 21 cm.
440 #0 - MENCIÓN DE SERIE/PUNTO DE ACCESO ADICIONAL--TÍTULO
Título Artesanías tradicionales. Apuntes monográficos
9 (RLIN) 27490
500 ## - NOTA GENERAL
Nota general Un ejemplar en Anexo 1
650 14 - PUNTO DE ACCESO ADICIONAL DE MATERIA--TÉRMINO DE MATERIA
Término de materia o nombre geográfico como elemento de entrada Instrumentos musicales
Subdivisión geográfica México
9 (RLIN) 27491
700 1# - PUNTO DE ACCESO ADICIONAL--NOMBRE DE PERSONA
Nombre de persona Buenrostro, Marco
9 (RLIN) 11025
942 ## - ELEMENTOS DE PUNTO DE ACCESO ADICIONAL (KOHA)
Fuente del sistema de clasificación o colocación Library of Congress Classification
Tipo de ítem Koha Libros
Holdings
Estado de retiro Estado de pérdida Estado dañado No para préstamo Localización permanente Ubicación/localización actual Fecha de adquisición Total de préstamos Signatura topográfica completa Código de barras Fecha visto por última vez Precio válido a partir de Tipo de ítem Koha Fuente del sistema de clasificación o colocación Código de colección
El ejemplar forma parte de la colección y puede ser consultado según las políticas vigentes.       Biblioteca Centro de Estudios Ruth D. Lechuga Biblioteca Centro de Estudios Ruth D. Lechuga 15/04/2014   ML482 .R48 2009 00036 22/03/2019 22/03/2019 Libros    
El ejemplar forma parte de la colección y puede ser consultado según las políticas vigentes.       Biblioteca del Museo Franz Mayer (Rogerio Casas-Alatriste) Biblioteca del Museo Franz Mayer (Rogerio Casas-Alatriste) 28/08/2023   ML482 .R48 2009 CONT10129 28/08/2023 28/08/2023 Hemerográfico Library of Congress Classification Fondo Contemporáneo